Salvation beyond Religion : (Record no. 8119)
[ view plain ]
| 000 -LEADER | |
|---|---|
| fixed length control field | 00426 a2200169 4500 |
| 003 - CONTROL NUMBER IDENTIFIER | |
| control field | GBCCL |
| 005 - DATE AND TIME OF LATEST TRANSACTION | |
| control field | 20241126110643.0 |
| 008 - FIXED-LENGTH DATA ELEMENTS--GENERAL INFORMATION | |
| fixed length control field | 190318b ||||| |||| 00| 0 eng d |
| 040 ## - CATALOGING SOURCE | |
| Transcribing agency | gbc |
| 082 ## - DEWEY DECIMAL CLASSIFICATION NUMBER | |
| Classification number | 234 |
| Item number | DOZ |
| 100 ## - MAIN ENTRY--PERSONAL NAME | |
| Personal name | Dozo, Phuveyi |
| 9 (RLIN) | 14138 |
| 245 ## - TITLE STATEMENT | |
| Title | Salvation beyond Religion : |
| Remainder of title | the truth revealed |
| 260 ## - PUBLICATION, DISTRIBUTION, ETC. | |
| Place of publication, distribution, etc. | Kohima: |
| Name of publisher, distributor, etc. | Phuveyi Dozo, |
| Date of publication, distribution, etc. | 2017 |
| 300 ## - PHYSICAL DESCRIPTION | |
| Extent | 117p. ; |
| 650 ## - SUBJECT ADDED ENTRY--TOPICAL TERM | |
| Topical term or geographic name entry element | Salvation |
| 9 (RLIN) | 452 |
| 942 ## - ADDED ENTRY ELEMENTS (KOHA) | |
| Source of classification or shelving scheme | Dewey Decimal Classification |
| Koha item type | Books |
| Koha issues (borrowed), all copies | 3 |
| Withdrawn status | Lost status | Source of classification or shelving scheme | Damaged status | Not for loan | Home library | Current Library | Shelving location | Date acquired | Source of acquisition | Cost, normal purchase price | Total checkouts | Full call number | Barcode | Date last seen | Date last checked out | Copy number | Cost, replacement price | Price effective from | Koha item type |
|---|---|---|---|---|---|---|---|---|---|---|---|---|---|---|---|---|---|---|---|
| Dewey Decimal Classification | GRACE BIBLE COLLEGE | GRACE BIBLE COLLEGE | Theology | 2019-03-15 | 15 | 0.00 | 1 | 234 DOZ | 020039 | 2025-05-01 | 2019-08-13 | c.1 | 200.00 | 2019-03-15 | Books | ||||
| Dewey Decimal Classification | GRACE BIBLE COLLEGE | GRACE BIBLE COLLEGE | Theology | 2019-03-15 | 15 | 0.00 | 2 | 234 DOZ | 020040 | 2025-05-01 | 2020-02-13 | c.2 | 200.00 | 2019-03-15 | Books |